Frontieres et territoires
Αποθηκεύτηκε σε:
| Κύριος συγγραφέας: | |
|---|---|
| Άλλοι συγγραφείς: | |
| Μορφή: | Βιβλίο |
| Γλώσσα: | French |
| Δημοσίευση: |
Paris :
La Documentation Francaise,
1993
|
| Σειρά: | Documentation photographique
|
| Θέματα: | |
| Ετικέτες: |
Προσθήκη ετικέτας
Δεν υπάρχουν, Καταχωρήστε ετικέτα πρώτοι!
|
MARC
| LEADER | 00000nam a2200000 i 4500 | ||
|---|---|---|---|
| 001 | 1/96524 | ||
| 008 | 941114s1993 fre d | ||
| 035 | |l 10010216 | ||
| 040 | |a GR-MY-UA |b gre |e aacr | ||
| 041 | 0 | |a fre | |
| 082 | 0 | |a 320.12 | |
| 100 | 1 | |a Renard, Jean-Pierre. | |
| 245 | 1 | 0 | |a Frontieres et territoires / |c Jean-Pierre Renard; Patrick Picouet |
| 260 | |a Paris : |b La Documentation Francaise, |c 1993 | ||
| 300 | |b ill., fig. | ||
| 490 | 1 | |a Documentation photographique | |
| 650 | 0 | 0 | |a Boundaries. |
| 700 | 1 | |a Picouet, Patrick. | |
| 830 | 0 | |a Documentation photographique | |
| 852 | |a INST |b LESVOS |e 19941114 |h 320.12 REN |p 005100008933 |q 005100008933 |t BK |y 0 | ||
| 909 | |a Λ |b 037188 | ||
| 922 | |a 1ΕΛΗ |b 199411 |c ΡΕΝΤΖΟΣ | ||
| 950 | |a 169-1994-09-06 | ||